| 000 | 00367nam a2200145Ia 4500 | ||
|---|---|---|---|
| 008 | 150201s2009 xx 000 0 und d | ||
| 082 |
_a610.7367 _bM09P |
||
| 100 | _aPELLICO , LINDA HONAN | ||
| 245 | _aMEDICAL SURGICAL NURSING : MADE INCREDIBY EASY | ||
| 250 | _a1ST | ||
| 260 |
_bWOLTERS _aINDIA _c2009 |
||
| 300 | _a953 | ||
| 650 | _aSURGERY | ||
| 942 |
_2ddc _cBK _016 |
||
| 999 |
_c1972 _d1972 |
||